000 01099nam a22003497a 4500
003 CHAP
005 20220329143712.0
008 110307s1976 mx r 00010 spa d
010 _a100590
011 _a101562
035 _a112250
040 _cCHAP
082 0 4 _a305.235
_bP77
100 0 0 _aPonce, Aníbal.
_990824
245 1 0 _aAdolescencia, educación y sociedad
_c/por Aníbal Ponce, Ernst Fischer y Lucio del Cornó
260 _aMéxico, D.F. :
_bCultura Popular,
_c1976
300 _a200 p.
490 0 _aEducación
590 _aBATCH-UPD
_b10
_c20130110
_lUCH01
_h1245
590 _aBATCH-UPD
_b10
_c20130410
_lUCH01
_h0809
590 _aBATCH-UPD
_b10
_c20130914
_lUCH01
_h0257
590 _aCONVERSION
_b10
_c20130109
_lUCH01
_h1355
650 1 4 _aAdolescencia.
_9954
650 1 4 _aConducta (Psicología)
_926343
650 1 4 _aPsicología social.
_992616
700 1 _aCornó, Lucio del.
_928088
700 1 _aFischer, Ernst
_941060
830 0 _aEducación
_935410
901 _aBK
942 _cLIBRO
949 _a305.235 P77
_bBC
_cLIBRO
_d33724002237819
_eLIBRO
_h114335
_i112250
_si
999 _c100590
_d100590